Spratek : příběh dítěte, které nikdo nemiloval /
Kniha představuje skutečný příběh šestileté Sheily, která se dostane do speciální třídy pro děti s poruchami chování. Její učitelkou a zároveň prvním člověkem, který jí projeví lásku, je Torey Hayden. Ta po čase zjistí, že dívka má nadprůměrnou inteligenci, je učenlivá a dřímá v ní skrytý génius. Kn...
Uloženo v:
| Hlavní autor: | |
|---|---|
| Médium: | Kniha |
| Jazyk: | Czech |
| Vydáno: |
Praha :
Portál,
2008
|
| Vydání: | Vyd. 1. |
| Témata: | |
| Celkem bylo vypůjčeno: | 30x |
| Příbuzné jednotky: | Přeloženo z:
One child |
| Tagy: |
Žádné tagy |
| LEADER | 01725nam a2200265 a 4500 | ||
|---|---|---|---|
| 001 | 69365 | ||
| 005 | 20240330062846.0 | ||
| 008 | 090121s2008----xr ---------u-------cze-d | ||
| 015 | |a cnb001788301 | ||
| 020 | |a 978-80-7367-375-8 : |c 349.00 Kč | ||
| 040 | |a UOG502 |e AACR2 |9 1 |b cze | ||
| 041 | 1 | |a cze |h eng | |
| 100 | 1 | |a Hayden, Torey L., |d 1951- |7 xx0074921 |4 aut |9 15703 | |
| 245 | 1 | 0 | |a Spratek : |b příběh dítěte, které nikdo nemiloval / |c Torey L. Hayden |
| 250 | |a Vyd. 1. | ||
| 260 | |a Praha : |b Portál, |c 2008 | ||
| 300 | |a 237 s. : |b il. ; |c 22 cm | ||
| 500 | |a Přeloženo z angličtiny | ||
| 520 | 2 | |a Kniha představuje skutečný příběh šestileté Sheily, která se dostane do speciální třídy pro děti s poruchami chování. Její učitelkou a zároveň prvním člověkem, který jí projeví lásku, je Torey Hayden. Ta po čase zjistí, že dívka má nadprůměrnou inteligenci, je učenlivá a dřímá v ní skrytý génius. Kniha je pozitivním svědectvím o síle pedagogických a terapeutických prostředků, a pedagoga představuje jako přítele, který neváhá pro dítě překonávat různé těžkosti. T.L. Hayden je autorkou řady velmi úspěšných non-fiction románů z prostředí školy pro děti s poruchami chování. Pracuje jako speciální pedagožka a rodinná terapeutka. | |
| 653 | |a americká literatura |a romány |a děti |a poruchy chování |a psychoterapie |a příběhy |a zanedbávané děti |a speciální pedagogika |a případové studie | ||
| 765 | 0 | |t One child | |
| 910 | |a UOG502 | ||
| 999 | |c 69365 |d 69365 | ||
| 942 | 0 | 0 | |0 23 |
| 993 | |0 0 |1 421180069951 |4 0 |7 0 |9 51156 |a 296.65 |b 0 |c 69951 |d 2009-01-21 |e 30 |f DOSP |h 349.00 |i Portál |j 127 |l DOSP |m 11 |r 2025-04-17 |s 2025-01-22 |t 6 |w 2017-09-19 |y KN |z BELET |v V | ||